00461nam a2200121Ia 4500008004100000020001500041100002200056245006700078260004100145300001700186999001900203952011700222180205s9999 xx 000 0 und d a9718380248 aDe Leon, Alwin B. apracticing community development principles in our barangays / aQuezon CitybMegabooks companyc2005 av, 100 pages c354793d354793 001040aCLbCLcFILd2018-02-05eLibrary Fundl0oHM 101 .D278 2005pC6225r2018-05-08 00:00:00w2018-02-05yBK